[Event "Nacional Sub 14 Femenino"]
[Site "Santiago de Cali Valle"]
[Date "2007.03.30"]
[Round "1.1"]
[White "Rodriguez, Paula"]
[Black "Ocampo, Derly"]
[Result "1-0"]
[WhiteElo "1705"]
[BlackElo "1536"]
[PlyCount "67"]
[EventDate "2007.03.30"]

1. d4 Nf6 2. c4 g6 3. Nc3 Bg7 4. e4 d6 5. Nf3 O-O 6. Be2 Nbd7 7. O-O e5 8. d5
Nc5 9. Qc2 Ne8 10. Be3 Nd7 11. Bd3 Nb8 12. c5 f5 13. cxd6 cxd6 14. Bg5 Qc7 15.
Nb5 Qxc2 16. Bxc2 fxe4 17. Bxe4 Bd7 18. Nc3 Na6 19. a3 Nc5 20. Bc2 Nf6 21. Bxf6
Rxf6 22. b4 Na6 23. Ne4 Rff8 24. Rac1 Bb5 25. Rfe1 Rad8 26. Rb1 Nc7 27. Nfg5
Rfe8 28. Bb3 Bd3 29. Rbc1 Nb5 30. Ba4 Re7 31. Bxb5 Bxb5 32. Ne6 Rdd7 33. Rc8+
Kf7 34. N6g5# 1-0

[Event "Nacional Sub 14 Femenino"]
[Site "Santiago de Cali Valle"]
[Date "2007.03.30"]
[Round "1.2"]
[White "Zamora, Isabella"]
[Black "Mora, Monica"]
[Result "0-1"]
[WhiteElo "1510"]
[BlackElo "1688"]
[PlyCount "70"]
[EventDate "2007.03.30"]

1. e4 e5 2. Nf3 Nc6 3. d4 exd4 4. Bc4 Be7 5. O-O d6 6. Re1 Nf6 7. Bb5 Bd7 8.
Bxc6 Bxc6 9. e5 Nd5 10. exd6 Qxd6 11. Nxd4 O-O-O 12. Nxc6 Qxc6 13. Qg4+ Kb8 14.
c4 Nf6 15. Qxg7 Rdg8 16. Qxh8 Rxh8 17. Rxe7 Rg8 18. g3 Qxc4 19. Bf4 Nd5 20.
Rxf7 Nxf4 21. Rxf4 Qxf4 22. Nc3 Qd2 23. Rb1 b6 24. Kf1 Rf8 25. Nd1 Qd3+ 26. Ke1
Re8+ 27. Ne3 Qxb1+ 28. Kd2 Qxb2+ 29. Ke1 Rxe3+ 30. fxe3 c5 31. g4 c4 32. h4 c3
33. g5 Qd2+ 34. Kf1 c2 35. h5 c1=Q# 0-1

[Event "Nacional Sub 14 Femenino"]
[Site "Santiago de Cali Valle"]
[Date "2007.03.30"]
[Round "1.4"]
[White "Garzon, Laura"]
[Black "Granada, Angie"]
[Result "0-1"]
[WhiteElo "1500"]
[BlackElo "1671"]
[PlyCount "70"]
[EventDate "2007.03.30"]

1. e4 c5 2. d4 cxd4 3. Qxd4 Nc6 4. Qd1 Nf6 5. Nc3 d6 6. Nf3 g6 7. Bd3 Bg7 8.
Be3 O-O 9. h3 Be6 10. O-O d5 11. exd5 Nxd5 12. Nxd5 Bxd5 13. c3 Qc7 14. Qe2
Rad8 15. Rfd1 a6 16. a3 Rd7 17. Bc2 Rfd8 18. Rd2 Bxf3 19. gxf3 Rxd2 20. Bxd2
Qd7 21. Be3 Qxh3 22. Rd1 Re8 23. Be4 Qc8 24. Qf1 Ne5 25. Qg2 Nc4 26. Rb1 Nxe3
27. fxe3 Rd8 28. f4 b5 29. Bb7 Qe6 30. Qe4 Qg4+ 31. Qg2 Qe6 32. Re1 Rd3 33. Kf2
Qc4 34. Qf3 Bf6 35. Kf1 Rxe3+ 0-1

[Event "Nacional Sub 14 Femenino"]
[Site "Santiago de Cali Valle"]
[Date "1980.01.04"]
[Round "1.7"]
[White "Gigliola Fiesco, Ivonne"]
[Black "Maldonado, Lina"]
[Result "1-0"]
[WhiteElo "1654"]
[BlackElo "1496"]
[PlyCount "85"]
[EventDate "2007.03.30"]

1. d4 Nf6 2. c4 g6 3. Nc3 d5 4. e3 c5 5. dxc5 Qa5 6. cxd5 Qxc5 7. Nf3 Bg7 8.
Qd4 Qa5 9. Bd2 a6 10. e4 Bg4 11. Be2 O-O 12. h3 Bxf3 13. Bxf3 Nbd7 14. O-O Nb6
15. Be2 Nfd7 16. Qe3 Qc5 17. Qxc5 Nxc5 18. Be3 Nba4 19. Bxc5 Nxc5 20. Rac1 Rac8
21. f3 Rfd8 22. Rfd1 b5 23. b4 Nb7 24. Nb1 Bb2 25. Rc6 a5 26. bxa5 Nxa5 27.
Rxc8 Rxc8 28. Bxb5 Rc2 29. Ba4 Rc4 30. Bb3 Nxb3 31. axb3 Rb4 32. Rd3 Kg7 33.
Nd2 Kf6 34. Nc4 Ba1 35. f4 g5 36. e5+ Kf5 37. d6 exd6 38. exd6 Bf6 39. d7 Bd8
40. Ne5 Re4 41. Nxf7 Bb6+ 42. Kf1 Re6 43. d8=Q 1-0

[Event "Nacional Sub 14 Femenino"]
[Site "Santiago de Cali Valle"]
[Date "2007.03.30"]
[Round "1.14"]
[White "Diaz, Shueling"]
[Black "Renteria, Manuela"]
[Result "0-1"]
[WhiteElo "1396"]
[BlackElo "1505"]
[PlyCount "58"]
[EventDate "2007.03.30"]

1. e4 e5 2. Nf3 Nc6 3. Bb5 a6 4. Ba4 b5 5. Bb3 Bc5 6. O-O d6 7. h3 Nf6 8. Re1
Bd7 9. c3 h6 10. d4 Bb6 11. d5 Ne7 12. Be3 g5 13. Bxb6 cxb6 14. c4 g4 15. hxg4
Bxg4 16. Nbd2 Nh5 17. Nf1 Rg8 18. Ne3 Bh3 19. Kh2 Bd7 20. Nxe5 dxe5 21. Qxh5
Ng6 22. Kg1 Qe7 23. Nf5 Bxf5 24. exf5 Nf4 25. f6 Qxf6 26. Qxe5+ Qxe5 27. Rxe5+
Kd7 28. g3 Nd3 29. Re2 Nf4 {Planilla ilegible} 0-1

[Event "Nacional Sub 14 Femenino"]
[Site "Santiago de Cali Valle"]
[Date "2007.03.30"]
[Round "1.15"]
[White "Chavez, Diana"]
[Black "Agudelo, Alejandra"]
[Result "1-0"]
[WhiteElo "1603"]
[BlackElo "1394"]
[PlyCount "59"]
[EventDate "2007.03.30"]

1. d4 d5 2. Nf3 Nf6 3. c4 e6 4. Bg5 h6 5. Bh4 Be7 6. Nc3 Nc6 7. e3 O-O 8. Be2
dxc4 9. Bxc4 Bd7 10. O-O Bb4 11. a3 Bxc3 12. bxc3 Re8 13. Qb3 b6 14. Rfe1 Rb8
15. e4 e5 16. Bxf7+ Kh8 17. Bxe8 Bxe8 18. d5 Na5 19. Qc2 Qe7 20. h3 Nc4 21. Qd3
Nxa3 22. c4 b5 23. Qxa3 Qxa3 24. Rxa3 bxc4 25. Nxe5 Rb7 26. Bxf6 gxf6 27. Nxc4
Bb5 28. Rb1 Rb6 29. Nxb6 cxb6 30. Rxb5 1-0

[Event "Nacional Sub 14 Femenino"]
[Site "Santiago de Cali Valle"]
[Date "2007.03.30"]
[Round "1.20"]
[White "Loaiza, Angelica"]
[Black "Ruiz, Justin"]
[Result "0-1"]
[WhiteElo "1300"]
[BlackElo "1536"]
[PlyCount "94"]
[EventDate "2007.03.30"]

1. e4 e5 2. Nf3 Nc6 3. Bb5 a6 4. Bxc6 dxc6 5. Nc3 Bd6 6. d3 Nf6 7. Bg5 O-O 8.
O-O h6 9. Bxf6 Qxf6 10. Re1 Bg4 11. h3 Bxf3 12. Qxf3 Qg6 13. Re3 Bc5 14. Re2
Rae8 15. Kh2 Re6 16. Qg3 Qxg3+ 17. Kxg3 Rg6+ 18. Kh2 Kh8 19. a3 Bd4 20. Rd1 Re8
21. Na4 b5 22. Nc3 Ree6 23. a4 Ref6 24. axb5 axb5 25. g3 Bxf2 26. Rf1 Bxg3+ 27.
Kg2 Rxf1 28. Kxf1 Rf6+ 29. Kg2 Bh4 30. Re3 Rf2+ 31. Kg1 Rxc2 32. Nd1 Rc1 33.
Re1 Bxe1 34. Nf2 Bxf2+ 35. Kxf2 Rc2+ 36. Kf3 Rxb2 37. Kg4 Rd2 38. Kf5 f6 39. h4
Rxd3 40. h5 Kg8 41. Kg4 Kf7 42. Kh4 b4 43. Kg4 b3 44. Kh4 b2 45. Kg4 b1=Q 46.
Kh4 Qh1+ 47. Kg4 Qxe4# 0-1

[Event "Nacional Sub 14 Femenino"]
[Site "Santiago de Cali Valle"]
[Date "????.??.??"]
[Round "2.1"]
[White "Monsalve, Adriana"]
[Black "Rodriguez, Paula"]
[Result "0-1"]
[WhiteElo "1613"]
[BlackElo "1705"]
[PlyCount "48"]
[EventDate "2007.03.30"]

1. e4 c5 2. Nf3 d6 3. d4 cxd4 4. Nxd4 Nf6 5. Nc3 a6 6. f3 e6 7. Be3 Bd7 8. Qd2
Nc6 9. O-O-O b5 10. g4 Be7 11. Nxc6 Bxc6 12. h4 h6 13. Bd3 h5 14. g5 Nd7 15.
Ne2 Rc8 16. f4 d5 17. Ng3 Bc5 18. Be2 Qb6 19. Bxc5 Nxc5 20. exd5 Bxd5 21. Rhf1
Bxa2 22. b4 Nb3+ 23. Kb2 Nxd2 24. Rxd2 Bc4 0-1

[Event "Nacional Sub 14 Femenino"]
[Site "Santiago de Cali Valle"]
[Date "????.??.??"]
[Round "2.2"]
[White "Mora, Monica"]
[Black "Chavez, Diana"]
[Result "1-0"]
[WhiteElo "1688"]
[BlackElo "1603"]
[PlyCount "123"]
[EventDate "2007.03.30"]

1. e4 c5 2. Nf3 Nc6 3. d4 cxd4 4. Nxd4 Nf6 5. Nc3 g6 6. Be3 Bg7 7. f3 d6 8. Bc4
Bd7 9. Qd2 O-O 10. O-O-O Rc8 11. Bb3 Ne5 12. h4 h5 13. Bh6 Bxh6 14. Qxh6 Rxc3
15. bxc3 Qc7 16. Qe3 a5 17. a3 a4 18. Ba2 Qc5 19. Kd2 Rc8 20. Ra1 Nc4+ 21. Bxc4
Qxc4 22. Qd3 Qxd3+ 23. cxd3 e5 24. Nc2 d5 25. Rhb1 b5 26. Nb4 dxe4 27. fxe4 Be6
28. Nd5 Nxd5 29. exd5 Bxd5 30. Rxb5 Bxg2 31. Rxe5 Rb8 32. d4 Rb2+ 33. Kd3 Rf2
34. d5 Rf3+ 35. Ke2 Rxc3 36. d6 Bf3+ 37. Kd2 Rc6 38. Re8+ Kg7 39. Ke3 Bg4 40.
Rd8 Rc5 41. Ra2 Rd5 42. Rd2 Rb5 43. Ra8 Rb3+ 44. Rd3 Rb7 45. Rxa4 Rb8 46. Rad4
Rd8 47. a4 Kf6 48. a5 Ke6 49. a6 Kd7 50. a7 Re8+ 51. Re4 Rxe4+ 52. Kxe4 Bf5+
53. Kd4 Bxd3 54. Kxd3 Kxd6 55. a8=Q Ke5 56. Qa5+ Kf4 57. Qg5+ Kf3 58. Qf6+ Kg4
59. Ke4 Kh3 60. Kf3 Kh2 61. Qg5 Kh1 62. Qg2# 1-0

[Event "Nacional Sub 14 Femenino"]
[Site "Santiago de Cali Valle"]
[Date "????.??.??"]
[Round "2.3"]
[White "Renteria, Manuela"]
[Black "Pachon, Adriana"]
[Result "0-1"]
[WhiteElo "1505"]
[BlackElo "1680"]
[PlyCount "78"]
[EventDate "2007.03.30"]

1. e4 e5 2. Nf3 Nc6 3. Nc3 Nf6 4. Bc4 Bc5 5. d3 d6 6. h3 Be6 7. Bg5 Bxc4 8.
dxc4 h6 9. Bd2 Nd4 10. Be3 Nxf3+ 11. Qxf3 Bb4 12. Bd2 Bxc3 13. Bxc3 Qd7 14. Qe3
Qc6 15. f3 Qxc4 16. g4 Qe6 17. Rg1 g6 18. h4 h5 19. g5 Nd7 20. b3 Qh3 21. Bb2
Qxh4+ 22. Kf1 Qh3+ 23. Ke1 Qe6 24. Kd2 Nc5 25. Rad1 a5 26. Rge1 a4 27. f4 axb3
28. fxe5 bxc2 29. exd6 cxd1=Q+ 30. Rxd1 Rf8 31. Qxc5 Qxd6+ 32. Qxd6 cxd6 33.
Kc2 Ke7 34. Bf6+ Ke6 35. Kb2 Ra6 36. Rc1 Rc6 37. Re1 Rfc8 38. Kb3 Rb6+ 39. Ka3
Ra8# 0-1

[Event "Nacional Sub 14 Femenino"]
[Site "Santiago de Cali Valle"]
[Date "????.??.??"]
[Round "2.4"]
[White "Granada, Angie"]
[Black "Pulido, Lina"]
[Result "1-0"]
[WhiteElo "1671"]
[BlackElo "1585"]
[PlyCount "105"]
[EventDate "2007.03.30"]

1. d4 Nf6 2. c4 g6 3. Nc3 d5 4. Nf3 Bg7 5. Bg5 Ne4 6. cxd5 Nxc3 7. bxc3 Qxd5 8.
h3 Nc6 9. e3 a6 10. Bd3 Bf5 11. O-O Bxd3 12. Qxd3 h6 13. Bf4 e5 14. e4 Qd7 15.
Be3 exd4 16. cxd4 Ne5 17. Nxe5 Bxe5 18. Rab1 b6 19. Qc4 b5 20. Qc3 Bg7 21. Rbd1
O-O 22. Qc2 Rfe8 23. f4 Qe7 24. e5 f5 25. d5 Bf8 26. Qc6 Kh7 27. Rc1 Rec8 28.
Bc5 Qg7 29. Bxf8 Qxf8 30. Qd7+ Qg7 31. Qxg7+ Kxg7 32. Rc6 a5 33. Rfc1 a4 34. d6
b4 35. Rxc7+ Rxc7 36. Rxc7+ Kf8 37. Rb7 b3 38. a3 Rd8 39. Rb6 Kf7 40. Kf2 Ke6
41. Ke3 Rd7 42. Kd3 Rd8 43. Kd2 Rd7 44. Kc3 Rd8 45. Kb2 Rc8 46. Rb4 Rc2+ 47.
Kb1 Rxg2 48. Rxa4 Rg3 49. Rd4 Rxh3 50. d7 Rh1+ 51. Kb2 Rh2+ 52. Kxb3 Rh3+ 53.
Ka4 1-0

[Event "Nacional Sub 14 Femenino"]
[Site "Santiago de Cali Valle"]
[Date "????.??.??"]
[Round "2.5"]
[White "Fiesco, Valentina"]
[Black "Salazar, Aura"]
[Result "0-1"]
[WhiteElo "1592"]
[BlackElo "1663"]
[PlyCount "40"]
[EventDate "2007.03.30"]

1. d4 Nf6 2. c4 g6 3. Nc3 Bg7 4. e4 d6 5. Nf3 O-O 6. Be3 Nbd7 7. Bd3 e5 8. d5
Nh5 9. Qd2 f5 10. exf5 gxf5 11. Ng5 f4 12. Bxf4 Nxf4 13. Ne6 Nxe6 14. dxe6 Nc5
15. Qc2 Nxd3+ 16. Qxd3 Bxe6 17. O-O Qh4 18. b3 e4 19. Qe3 Qf4 20. Qxf4 Rxf4 0-1

[Event "Nacional Sub 14 Femenino"]
[Site "Santiago de Cali Valle"]
[Date "????.??.??"]
[Round "2.6"]
[White "Castro, Natalia"]
[Black "Chirivi, Angie"]
[Result "1/2-1/2"]
[WhiteElo "1655"]
[BlackElo "1543"]
[PlyCount "85"]
[EventDate "2007.03.30"]

1. e4 e5 2. Nf3 Nc6 3. Bc4 Bc5 4. Nc3 Nf6 5. d3 d6 6. h3 Be6 7. Bb3 Qd7 8. Be3
Bb6 9. d4 exd4 10. Nxd4 O-O-O 11. Qd2 d5 12. Nxc6 bxc6 13. exd5 Nxd5 14. Nxd5
Bxd5 15. Bxd5 Qxd5 16. Qxd5 Rxd5 17. Rd1 Re5 18. O-O Bxe3 19. fxe3 f6 20. Rd3
Rhe8 21. Rf3 Rd5 22. Kf2 Kd7 23. Rf4 Ree5 24. Rxd5+ Rxd5 25. Ke2 Rg5 26. Kf3
Rd5 27. Rh4 h6 28. c3 a5 29. Rd4 Ke6 30. e4 Re5 31. Rd8 f5 32. Re8+ Kf6 33.
Rxe5 Kxe5 34. exf5 Kxf5 35. a4 c5 36. c4 h5 37. g3 g6 38. Ke3 Ke5 39. Kd3 Kf5
40. Ke3 Ke5 41. Kd3 Kf5 42. Ke3 Ke5 43. Kd3 1/2-1/2

[Event "Nacional Sub 14 Femenino"]
[Site "Santiago de Cali Valle"]
[Date "????.??.??"]
[Round "2.7"]
[White "Ruiz, Justine"]
[Black "Fiesco, Ivon"]
[Result "0-1"]
[WhiteElo "1536"]
[BlackElo "1654"]
[PlyCount "44"]
[EventDate "2007.03.30"]

1. e4 e5 2. Nf3 Nc6 3. Bc4 Bc5 4. c3 d6 5. h3 h6 6. d3 Nf6 7. O-O g5 8. b4 Bb6
9. a3 g4 10. hxg4 Bxg4 11. Nbd2 Nh5 12. Re1 Nf4 13. Nf1 Qf6 14. Ng3 h5 15. Be3
h4 16. Nf1 h3 17. g3 Ng2 18. Bd2 Nxe1 19. Bxe1 Qxf3 20. Qxf3 Bxf3 21. Bb5 a6
22. Bxc6+ bxc6 0-1

[Event "Nacional Sub 14 Femenino"]
[Site "Santiago de Cali Valle"]
[Date "????.??.??"]
[Round "2.8"]
[White "Calderon, Karen"]
[Black "Morena, Ana Maria"]
[Result "1-0"]
[WhiteElo "1483"]
[BlackElo "1634"]
[PlyCount "59"]
[EventDate "2007.03.30"]

1. d4 d5 2. Nf3 c6 3. Bf4 e6 4. e3 Nf6 5. h3 Bd6 6. Ne5 Bxe5 7. Bxe5 Nbd7 8.
Bh2 O-O 9. Nd2 Re8 10. Nf3 Ne4 11. Bd3 c5 12. c3 cxd4 13. exd4 Qf6 14. O-O b6
15. Bb5 a6 16. Bc6 Ra7 17. Bb8 Nxb8 18. Bxe8 b5 19. Ne5 Rc7 20. Bxf7+ Rxf7 21.
Nxf7 Qxf7 22. f3 Nd6 23. b3 Nd7 24. Qe2 Qf6 25. Rfe1 Nf7 26. Qxe6 Qxe6 27. Rxe6
Nf6 28. Rc6 Bb7 29. Rc7 Nd6 30. Re1 1-0

[Event "Nacional Sub 14 Femenino"]
[Site "Santiago de Cali Valle"]
[Date "????.??.??"]
[Round "2.9"]
[White "Baquero, Yuri"]
[Black "Gaviria, Maria"]
[Result "1-0"]
[WhiteElo "1631"]
[BlackElo "1327"]
[PlyCount "73"]
[EventDate "2007.03.30"]

1. e4 e5 2. Nf3 Nc6 3. d3 d6 4. g3 Nf6 5. Bg2 g6 6. O-O Bg7 7. c3 O-O 8. h3 a6
9. Kh2 Be6 10. Re1 Re8 11. d4 exd4 12. cxd4 Bd7 13. Nc3 Qc8 14. Bf4 b5 15. a3
h5 16. e5 dxe5 17. Nxe5 Qb7 18. Qb3 Be6 19. Bxc6 Bxb3 20. Bxb7 Rab8 21. Bxa6 b4
22. axb4 Rxb4 23. Bb5 Re7 24. Nc6 Rxe1 25. Rxe1 Kh7 26. Nxb4 Ng8 27. d5 c5 28.
dxc6 Be6 29. c7 Ne7 30. Ncd5 Nxd5 31. Nxd5 Bxb2 32. Rxe6 fxe6 33. c8=Q exd5 34.
Qd7+ Kh8 35. Bd3 Bd4 36. Bxg6 Bxf2 37. Qh7# 1-0

[Event "Nacional Sub 14 Femenino"]
[Site "Santiago de Cali Valle"]
[Date "????.??.??"]
[Round "2.10"]
[White "Rios, Jessica"]
[Black "Castrillon, Melisa"]
[Result "0-1"]
[WhiteElo "1400"]
[BlackElo "1618"]
[PlyCount "86"]
[EventDate "2007.03.30"]

1. e4 c5 2. Nf3 d6 3. d4 cxd4 4. Nxd4 Nf6 5. Nc3 g6 6. f4 Bg7 7. e5 dxe5 8.
fxe5 Nfd7 9. e6 Ne5 10. Bb5+ Nbc6 11. exf7+ Kxf7 12. O-O+ Bf6 13. Be3 Bg4 14.
Qd2 Nxd4 15. Bxd4 Nf3+ 16. gxf3 Qxd4+ 17. Rf2 Bxf3 18. h3 Qxd2 19. Rxd2 Rhd8
20. Bc4+ Kg7 21. Rd3 Rxd3 22. cxd3 Bd4+ 23. Kf1 Rf8 24. Ke1 Bg2 25. Nb5 Rf1+
26. Kd2 Rxa1 27. Nxd4 Bxh3 28. b4 Rf1 29. b5 Rf6 30. a4 g5 31. Ke3 g4 32. Ne6+
Rxe6+ 33. Bxe6 Kf6 34. Bd7 b6 35. d4 e6 36. Kf2 h5 37. Kg3 Bf1 38. Kh4 Bc4 39.
Bc6 Bd5 40. Kxh5 g3 41. Bxd5 exd5 42. Kg4 g2 43. Kg3 g1=Q+ 0-1

[Event "Nacional Sub 14 Femenino"]
[Site "Santiago de Cali Valle"]
[Date "????.??.??"]
[Round "2.11"]
[White "Zapata, Zuleidy"]
[Black "Zapata, Keila"]
[Result "1-0"]
[WhiteElo "1650"]
[BlackElo "1606"]
[PlyCount "67"]
[EventDate "2007.03.30"]

1. e4 Nc6 2. c3 d5 3. exd5 Qxd5 4. d4 e5 5. Qe2 Be7 6. dxe5 Nxe5 7. Bf4 Bd6 8.
h3 Ne7 9. Bxe5 Bxe5 10. Nf3 Bf6 11. Qb5+ c6 12. Qxd5 Nxd5 13. Nbd2 Bf5 14. Bc4
Rd8 15. O-O O-O 16. Rfe1 b5 17. Bb3 a5 18. a4 b4 19. cxb4 axb4 20. Nc4 Bd3 21.
Ra2 Ra8 22. Nce5 Bf5 23. Nxc6 Rac8 24. Bxd5 Rxc6 25. Bxc6 Be4 26. Bxe4 Re8 27.
Bxh7+ Kh8 28. Rxe8+ Kxh7 29. a5 Bxb2 30. Rxb2 b3 31. Rxb3 f5 32. Re6 g5 33.
Rb7+ Kg8 34. Re8# 1-0

[Event "Nacional Sub 14 Femenino"]
[Site "Santiago de Cali Valle"]
[Date "????.??.??"]
[Round "2.12"]
[White "Zambrano, Jenny"]
[Black "Mesa, Brenda"]
[Result "1-0"]
[WhiteElo "1411"]
[BlackElo "1550"]
[PlyCount "177"]
[EventDate "2007.03.30"]

1. e4 e5 2. Nf3 Nc6 3. Bc4 Bc5 4. b4 Bxb4 5. c3 Ba5 6. Bd5 Nf6 7. Qe2 d6 8.
Bxc6+ bxc6 9. h3 O-O 10. O-O Re8 11. Re1 Qe7 12. Ba3 Qe6 13. Ng5 Qe7 14. Qc4
Bd7 15. Bb4 Bxb4 16. cxb4 d5 17. Qc5 Qxc5 18. bxc5 h6 19. Nf3 Nxe4 20. Nxe5
Rxe5 21. d3 Rae8 22. dxe4 Rxe4 23. Rxe4 Rxe4 24. Nd2 Re5 25. Rb1 d4 26. Rb8+
Kh7 27. Rd8 Be6 28. Rxd4 Rxc5 29. Ra4 a5 30. Kf1 Rc2 31. Nb3 Bxb3 32. axb3 Rc5
33. Ke2 Rb5 34. Kd2 Rxb3 35. Rxa5 Rb1 36. Rc5 Rf1 37. Ke2 Rg1 38. g3 Ra1 39.
Rxc6 Ra7 40. Ke3 g5 41. Ke4 Ra2 42. f4 Ra7 43. fxg5 hxg5 44. Kf5 Ra3 45. Kg4
Ra5 46. Rxc7 Kg6 47. Rc6+ Kg7 48. Rc7 Kg6 49. Rc6+ Kg7 50. Kh5 Ra3 51. Kg4 Ra5
52. Kh5 Ra3 53. Kg4 Ra5 54. Rc3 Kg6 55. Rc6+ Kg7 56. Kh5 Ra3 57. Kg4 Ra5 58.
Rc7 Kg6 59. Rc6+ Kg7 60. Kh5 Ra3 61. Kg4 Ra5 62. Rd6 Kh7 63. Rd7 Kg6 64. Rd6+
Kg7 65. Kh5 Ra3 66. h4 gxh4 67. gxh4 Ra5+ 68. Kg4 f5+ 69. Kg5 Kf7 70. Rf6+ Kg7
71. Rc6 Kf7 72. Rh6 Kg7 73. Rb6 Kf7 74. Rb3 Ke6 75. Rb4 Ra7 76. Rb6+ Ke5 77.
Rb5+ Ke6 78. Rxf5 Rg7+ 79. Kf4 Rh7 80. h5 Rh6 81. Rb5 Kf7 82. Kg5 Rh7 83. h6
Rh8 84. Rb7+ Ke6 85. Rg7 Kd6 86. h7 Ke6 87. Kg6 Ke5 88. Rg8 Rxh7 89. Kxh7 1-0

[Event "Nacional Sub 14 Femenino"]
[Site "Santiago de Cali Valle"]
[Date "????.??.??"]
[Round "2.13"]
[White "Ocampo, Derly"]
[Black "Loaiza, Yurany"]
[Result "0-1"]
[WhiteElo "1535"]
[BlackElo "1411"]
[PlyCount "116"]
[EventDate "2007.03.30"]

1. e4 e5 2. Nf3 Nf6 3. Nc3 Bb4 4. Bc4 Nc6 5. O-O O-O 6. Re1 d6 7. a3 Bc5 8. h3
Be6 9. Ba2 Re8 10. d3 Bxa2 11. Rxa2 d5 12. Bg5 dxe4 13. Nxe4 Be7 14. Nxf6+ Bxf6
15. Bxf6 Qxf6 16. Nh2 Rad8 17. Ng4 Qg6 18. f3 f5 19. Nf2 e4 20. fxe4 fxe4 21.
Qg4 Qxg4 22. Nxg4 exd3 23. Rxe8+ Rxe8 24. cxd3 Re1+ 25. Kf2 Rb1 26. b4 Rb3 27.
Ke3 Kf7 28. Ke4 Ke6 29. d4 Ne7 30. Ne3 c6 31. g4 Nd5 32. Nxd5 cxd5+ 33. Kf4
Rxh3 34. Re2+ Kd6 35. Re3 Rxe3 36. Kxe3 h6 37. Kf4 Ke6 38. a4 a6 39. b5 axb5
40. axb5 Kf6 41. b6 g6 42. Kf3 Kg5 43. Kg3 h5 44. gxh5 gxh5 45. Kh3 Kf4 46. Kh4
Ke4 47. Kxh5 Kxd4 48. Kg4 Ke3 49. Kf5 d4 50. Ke6 d3 51. Kd7 d2 52. Kc7 d1=Q 53.
Kxb7 Qd5+ 54. Ka7 Qa5+ 55. Kb7 Kd4 56. Kc6 Qc5+ 57. Kb7 Kd5 58. Ka6 Kc6 0-1

[Event "Nacional Sub 14 Femenino"]
[Site "Santiago de Cali Valle"]
[Date "????.??.??"]
[Round "2.15"]
[White "Garcia, Linda"]
[Black "Fong, Shueling"]
[Result "1-0"]
[WhiteElo "1500"]
[BlackElo "1396"]
[PlyCount "59"]
[EventDate "2007.03.30"]

1. e4 e5 2. Nc3 Bb4 3. f4 d6 4. Nf3 Bg4 5. Bc4 Nf6 6. O-O Nc6 7. Kh1 Bxc3 8.
bxc3 Nxe4 9. Qe2 d5 10. Bb3 O-O 11. Bb2 Re8 12. Qd1 Qd7 13. d4 exf4 14. Qd3
Rad8 15. Ne5 Nxe5 16. dxe5 Rxe5 17. Rxf4 Rde8 18. Raf1 Nc5 19. Qd2 Re2 20. Qxd5
Qxd5 21. Bxd5 Re1 22. Bxf7+ Kh8 23. Bxe8 Rxf1+ 24. Rxf1 h6 25. Bg6 Ne6 26. c4
Be2 27. Rf7 Bxc4 28. a3 Kg8 29. Re7 Kf8 30. Re8# 1-0

[Event "Nacional Sub 14 Femenino"]
[Site "Santiago de Cali Valle"]
[Date "????.??.??"]
[Round "2.16"]
[White "Agudelo, Alejandra"]
[Black "Garzon, Laura"]
[Result "1/2-1/2"]
[WhiteElo "1399"]
[BlackElo "1500"]
[PlyCount "87"]
[EventDate "2007.03.30"]

1. e4 e5 2. Nf3 Nc6 3. Nc3 Nf6 4. d3 h6 5. Be2 d5 6. O-O Bc5 7. b3 O-O 8. Bb2
d4 9. Nb1 Nh7 10. c3 dxc3 11. Bxc3 Qd6 12. Re1 Nd4 13. Nbd2 f5 14. Bxd4 Bxd4
15. Nxd4 Qxd4 16. Rf1 fxe4 17. Nxe4 Bf5 18. Bf3 Bxe4 19. dxe4 Rad8 20. Qxd4
Rxd4 21. Rad1 Rfd8 22. h3 Ng5 23. Rxd4 Rxd4 24. Rc1 c6 25. Re1 Nxf3+ 26. gxf3
Rd2 27. Ra1 g5 28. Kg2 h5 29. Kg3 Kg7 30. a3 Rd3 31. Kg2 Rxb3 32. a4 a6 33. Rd1
Rb4 34. Rd7+ Kg6 35. Kg3 Rd4 36. Rxb7 Rxa4 37. Rb6 Ra1 38. Rxc6+ Kg7 39. Re6
Ra5 40. Re7+ Kf6 41. Re8 Ra1 42. Rh8 Kg6 43. Ra8 a5 44. Ra6+ 1/2-1/2

[Event "Nacional Sub 14 Femenino"]
[Site "Santiago de Cali Valle"]
[Date "????.??.??"]
[Round "2.17"]
[White "Lugo, Adriana"]
[Black "Garcia, Mildrey"]
[Result "1-0"]
[WhiteElo "1500"]
[BlackElo "1373"]
[PlyCount "139"]
[EventDate "2007.03.30"]

1. e4 e5 2. Nf3 Nc6 3. Bc4 h6 4. d3 Bc5 5. Nc3 a6 6. Be3 d6 7. h3 Nf6 8. O-O
O-O 9. Kh1 Be6 10. Bb3 b5 11. Bxc5 dxc5 12. a3 Nd4 13. Nxe5 Bxb3 14. cxb3 b4
15. Ne2 Qe8 16. Nf3 Nxf3 17. gxf3 Qe6 18. Kg2 Rad8 19. f4 Nh5 20. f5 Qe5 21.
Qd2 Kh7 22. f4 Qd6 23. Rad1 Rg8 24. Rf3 g6 25. fxg6+ Qxg6+ 26. Kf2 Qg2+ 27. Ke3
Nf6 28. Nc1 Qxd2+ 29. Rxd2 Rge8 30. Rg2 Nh5 31. Rf1 Re7 32. Rfg1 Rde8 33. Ne2
f5 34. e5 a5 35. Ng3 Ng7 36. Ne2 Nh5 37. Rg6 Ra8 38. a4 Rd8 39. Rc6 Rd5 40. Ra6
Red7 41. Nc1 Rd4 42. Rgg6 Nxf4 43. Rxh6+ Kg7 44. e6 Ng2+ 45. Kf2 Kxh6 46. exd7+
Kg7 47. Kxg2 Rxd7 48. Rxa5 Rd5 49. d4 Rxd4 50. Rxc5 Rd2+ 51. Kf3 Rxb2 52. Rxc7+
Kg6 53. a5 Rb1 54. a6 Ra1 55. a7 Kg5 56. Nd3 Kh4 57. Nxb4 Kg5 58. Nc6 Rf1+ 59.
Kg2 Ra1 60. Rc8 f4 61. a8=Q Rxa8 62. Rxa8 Kf5 63. b4 Ke6 64. Re8+ Kf5 65. b5
Kg5 66. Rf8 Kg6 67. Kf3 Kg5 68. h4+ Kxh4 69. Rg8 Kh3 70. Rh8# 1-0

[Event "Nacional Sub 14 Femenino"]
[Site "Santiago de Cali Valle"]
[Date "????.??.??"]
[Round "2.18"]
[White "Chamorro, Maryuri"]
[Black "Ruiz, Camila"]
[Result "1-0"]
[WhiteElo "1339"]
[BlackElo "1500"]
[PlyCount "85"]
[EventDate "2007.03.30"]

1. e4 c5 2. Nf3 d6 3. d4 cxd4 4. Nxd4 Nf6 5. Nc3 e5 6. Nf3 a6 7. h3 Be7 8. Be2
Nbd7 9. O-O b5 10. a3 Bb7 11. Bd3 O-O 12. Re1 Nc5 13. b4 Nxd3 14. cxd3 d5 15.
Nxe5 dxe4 16. dxe4 Qxd1 17. Rxd1 Nxe4 18. Nxe4 Bxe4 19. f3 Bc2 20. Rd7 Bf6 21.
Ra2 Bxe5 22. Rxc2 Rad8 23. Rxd8 Rxd8 24. Kf2 h6 25. f4 Bc7 26. Rxc7 Rd3 27. Ra7
Rc3 28. Be3 Rxa3 29. f5 Rb3 30. Bc5 Ra3 31. h4 Ra2+ 32. Kg3 Ra3+ 33. Kh2 Ra2
34. Kh3 Ra3+ 35. g3 Ra1 36. Kg4 Ra3 37. h5 Ra2 38. Kh3 Kh7 39. Rxf7 a5 40. bxa5
Rxa5 41. f6 Ra8 42. Rxg7+ Kh8 43. Rb7 1-0

[Event "Nacional Sub 14 Femenino"]
[Site "Santiago de Cali Valle"]
[Date "????.??.??"]
[Round "2.19"]
[White "Maldonado, Lina"]
[Black "Loaiza, Angelica"]
[Result "1-0"]
[WhiteElo "1496"]
[BlackElo "1300"]
[PlyCount "59"]
[EventDate "2007.03.30"]

1. c4 e5 2. Nc3 Nf6 3. g3 Bb4 4. Qb3 Bxc3 5. Qxc3 Nc6 6. Bg2 d6 7. d3 O-O 8.
Nf3 Bd7 9. O-O b6 10. Ng5 h6 11. Ne4 Nxe4 12. Bxe4 Re8 13. Be3 a6 14. Rae1 Re7
15. b4 a5 16. b5 Rb8 17. bxc6 Bxc6 18. Bxc6 Re6 19. f4 exf4 20. Bxf4 Rg6 21.
Rf2 a4 22. Ref1 Rc8 23. Bd2 Qe7 24. Bd5 c6 25. Bxf7+ Kh7 26. Bxg6+ Kxg6 27. Rf7
Qe8 28. Qxg7+ Kh5 29. Qxh6+ Kg4 30. R1f4# 1-0

[Event "Nacional Sub 14 Femenino"]
[Site "Santiago de Cali Valle"]
[Date "????.??.??"]
[Round "2.21"]
[White "Bonilla, Maria"]
[Black "Barbosa, Daniela"]
[Result "1/2-1/2"]
[WhiteElo "1300"]
[BlackElo "1461"]
[PlyCount "48"]
[EventDate "2007.03.30"]

1. e4 e5 2. Nf3 Nc6 3. Bc4 Bc5 4. O-O Nf6 5. d3 O-O 6. h3 h6 7. Nc3 d6 8. a3
Bd7 9. b4 Bb6 10. Bb5 a6 11. Bxc6 Bxc6 12. a4 Re8 13. a5 Ba7 14. Be3 Qe7 15.
Bxa7 Rxa7 16. Qe2 Qe6 17. Qe3 Raa8 18. d4 Rad8 19. d5 Nxd5 20. exd5 Bxd5 21.
Nxd5 Qxd5 22. Rad1 Qe6 23. Qa7 Rb8 24. Qe3 Qf6 1/2-1/2